Coups de circuit dans l'histoire des Expos - Statistiques

Statistiques générales
  • Ce quiz a été pris 4 fois
  • Le résultat moyen est 13 sur 19
Statistiques - réponses
Coups de circuit Joueurs % Correct
225 Andre Dawson
100%
115 Andres Galarraga
100%
95 Ellis Valentine
100%
220 Gary Carter
100%
100 Larry Parrish
100%
99 Larry Walker
100%
81 Rusty Staub
100%
96 Tim Raines
100%
204 Tim Wallach
100%
234 Vladimir Guerrero
100%
72 Brad Wilkerson
50%
75 Hubie Brooks
50%
66 Orlando Cabrera
50%
86 Ron Fairly
50%
67 Shane Andrews
50%
118 Bob Bailey
0%
101 Jose Vidro
0%
85 Moises Alou
0%
101 Rondell White
0%
Aucun quiz correspondant
Distribution des résultats
% des personnes avec chaque résultat
Percentile par nombre de réponses
Votre historique - résultats
Vous n’avez pas pris ce quiz